[Event "Montreal Noel op"]
[Site "Montreal"]
[Date "2019.12.27"]
[Round "2"]
[White "Tsukerman, Julia"]
[Black "Destree, Frederic"]
[Result "1/2-1/2"]
[WhiteElo "1523"]
[BlackElo "1703"]
[PlyCount "78"]
[EventDate "2019.12.26"]
[EventType "swiss"]
[EventRounds "5"]
[EventCountry "CAN"]
[SourceTitle "CBM 194 Extra"]
[Source "ChessBase"]
[SourceDate "2020.03.31"]
[SourceVersion "1"]
[SourceVersionDate "2020.03.31"]
[SourceQuality "1"]

1. e4 c5 2. Nf3 g6 3. d4 cxd4 4. Nxd4 Nc6 5. c4 Nf6 6. Nc3 d6 7. Be2 Nxd4 8. Qxd4 Bg7 9. Be3 0-0 10. Qd2 a5 11. 0-0 a4 12. f3 Qa5 13. Rad1 Be6 14. Bd4 Rfc8 15. Nd5 Nxd5 16. exd5 Bxd4+ 17. Qxd4 Bd7 18. Rfe1 Qc5 19. Bf1 Kf8 20. Kf2 Ra6 21. Ke3 Rb6 22. Rd2 Rb4 23. Qxc5 Rxc5 24. Kd4 e6 25. dxe6 Bxe6 26. Kc3 Rb6 27. b3 axb3 28. axb3 Rc8 29. b4 Rbc6 30. b5 Rc5 31. Rxd6 Rxb5 32. Rd4 Rbc5 33. Kb4 R5c6 34. Ra1 Rb6+ 35. Kc3 Rbc6 36. Kb4 Rb6+ 37. Kc3 Rbc6 38. Rb1 R8c7 39. Bd3 Rc5 1/2-1/2

[Event "Montreal Pere Noel"]
[Site "Montreal"]
[Date "2017.12.30"]
[Round "4.13"]
[White "Cui, Leonardo"]
[Black "Destree, Frederic"]
[Result "1/2-1/2"]
[WhiteElo "1830"]
[BlackElo "1924"]
[PlyCount "95"]
[EventDate "2017.12.27"]
[EventType "swiss"]
[EventRounds "5"]
[EventCountry "CAN"]
[SourceTitle "EXT 2022"]
[Source "ChessBase"]
[SourceDate "2021.10.06"]
[SourceVersion "1"]
[SourceVersionDate "2021.10.06"]
[SourceQuality "1"]

1. Nf3 Nf6 2. c4 g6 3. b4 Bg7 4. Bb2 0-0 5. g3 b6 6. Bg2 Bb7 7. 0-0 d6 8. d3 Nbd7 9. Nbd2 e5 10. d4 exd4 11. Bxd4 Re8 12. Rc1 Qe7 13. e3 Ne5 14. Qb3 Rab8 15. Ba1 c5 16. b5 Rbd8 17. Rfd1 Qc7 18. Nxe5 dxe5 19. e4 Rd7 20. Nf1 Bxe4 21. Bxe4 Nxe4 22. Ne3 Nf6 23. Nd5 Nxd5 24. Rxd5 Red8 25. Qf3 f5 26. Qb3 Rd6 27. Rcd1 Kf7 28. Qe3 Rxd5 29. cxd5 Qd6 30. Qc3 Bf6 31. Qc4 e4 32. Bxf6 Kxf6 33. Qc3+ Qe5 34. Qa3 Rxd5 35. Rxd5 Qxd5 36. Qxa7 Qd6 37. Qxh7 Ke5 38. Qg7+ Qf6 39. Qc7+ Qd6 40. Qg7+ Kd5 41. Qb7+ Kc4 42. Qc6 Qd1+ 43. Kg2 e3 44. fxe3 Qe2+ 45. Kh3 Qg4+ 46. Kg2 Qe4+ 47. Kh3 Qg4+ 48. Kg2 1/2-1/2

[Event "Montreal Pere Noel"]
[Site "Montreal"]
[Date "2017.12.27"]
[Round "1.7"]
[White "Destree, Frederic"]
[Black "Rodrigue Lemieux, Shawn"]
[Result "0-1"]
[WhiteElo "1924"]
[BlackElo "2308"]
[PlyCount "86"]
[EventDate "2017.12.27"]
[EventType "swiss"]
[EventRounds "5"]
[EventCountry "CAN"]
[SourceTitle "EXT 2022"]
[Source "ChessBase"]
[SourceDate "2021.10.06"]
[SourceVersion "1"]
[SourceVersionDate "2021.10.06"]
[SourceQuality "1"]

1. Nf3 d5 2. g3 Nf6 3. Bg2 e6 4. 0-0 Be7 5. d3 c5 6. Nbd2 Nc6 7. e4 0-0 8. Re1 b5 9. e5 Nd7 10. h4 a5 11. Nf1 c4 12. d4 b4 13. N1h2 Nb6 14. Ng4 c3 15. b3 a4 16. Be3 axb3 17. axb3 Ra3 18. Bf1 f5 19. exf6 gxf6 20. Nh6+ Kg7 21. Bf4 Rxa1 22. Qxa1 e5 23. dxe5 fxe5 24. Nxe5 Nxe5 25. Rxe5 Rxf4 26. gxf4 Kxh6 27. Qd1 Kg7 28. Qh5 Bf6 29. Re8 Qd7 30. Be2 Qf7 31. Qxf7+ Kxf7 32. Re3 Bf5 33. Bd3 Bxd3 34. Rxd3 d4 35. Kf1 Nd5 36. Rf3 Ke6 37. Ke2 Kf5 38. Kd3 Nxf4+ 39. Kc4 d3 40. Rxd3 Nxd3 41. Kxd3 Bxh4 42. f3 Kf4 43. Ke2 h5 0-1

[Event "Montreal Pere Noel op"]
[Site "Montreal"]
[Date "2016.12.26"]
[Round "1"]
[White "Destree, Frederic"]
[Black "Duong, Thanh Nha"]
[Result "0-1"]
[WhiteElo "1703"]
[BlackElo "2153"]
[PlyCount "104"]
[EventDate "2016.12.26"]
[EventType "swiss"]
[EventRounds "5"]
[EventCountry "CAN"]
[SourceTitle "CBM 176 Extra"]
[Source "ChessBase"]
[SourceDate "2017.03.02"]
[SourceVersion "1"]
[SourceVersionDate "2017.03.02"]
[SourceQuality "1"]

1. Nf3 Nf6 2. g3 g6 3. Bg2 Bg7 4. 0-0 0-0 5. d3 d6 6. e4 c5 7. Re1 Nc6 8. c3 e5 9. h3 Re8 10. Nbd2 Rb8 11. a4 a6 12. Nc4 b5 13. axb5 axb5 14. Ne3 h6 15. Bd2 Be6 16. Qc2 Qd7 17. Ra6 Rec8 18. Kh2 Qb7 19. Rea1 Ne8 20. Nd5 Kh7 21. Be3 Ra8 22. Rxa8 Rxa8 23. Rxa8 Qxa8 24. d4 cxd4 25. cxd4 Nxd4 26. Bxd4 exd4 27. Nf4 Qa2 28. Qd2 Qc4 29. b3 Qc3 30. b4 Bc4 31. Nd5 Bxd5 32. exd5 Qxd2 33. Nxd2 Nc7 34. Bf1 Nxd5 35. Bxb5 Nxb4 36. Kg2 d3 37. Kf1 d5 38. Ke1 Bc3 39. Kd1 Kg7 40. Nb3 Kf6 41. Nc1 d2 42. Ne2 d4 43. Bc4 Ke7 44. Nf4 Nc6 45. Nd5+ Kf8 46. f4 Na5 47. Ba2 Nb7 48. Bb3 Nc5 49. Bc2 Ba5 50. g4 d3 51. Bb1 Ne4 52. Bxd3 Nf2+ 0-1

[Event "Montreal Mercredi 01"]
[Site "Montreal"]
[Date "2015.01.21"]
[Round "3"]
[White "Dumouchel, Alain"]
[Black "Destree, Frederic"]
[Result "0-1"]
[WhiteElo "1903"]
[BlackElo "1886"]
[PlyCount "90"]
[EventDate "2015.01.07"]
[EventType "swiss"]
[EventRounds "5"]
[EventCountry "CAN"]
[SourceTitle "EXT 2022"]
[Source "ChessBase"]
[SourceDate "2021.10.06"]
[SourceVersion "1"]
[SourceVersionDate "2021.10.06"]
[SourceQuality "1"]

1. e4 c5 2. a3 g6 3. h4 Nc6 4. Nc3 Nf6 5. Bc4 Bg7 6. d3 d6 7. Bg5 h6 8. Be3 0-0 9. h5 Nxh5 10. g4 Nf6 11. Bxh6 Bxg4 12. Qd2 Bh5 13. Nd5 Ne5 14. Nxf6+ exf6 15. Rxh5 gxh5 16. 0-0-0 Ng4 17. Bxg7 Kxg7 18. Nh3 Rh8 19. Rg1 Kf8 20. Nf4 f5 21. exf5 Qf6 22. f3 Ne5 23. Bd5 h4 24. Kb1 Rb8 25. Be4 Qh6 26. Qh2 Rg8 27. Rh1 b6 28. Nd5 Ke8 29. f6 Rd8 30. Qe2 Rg3 31. f4 Kd7 32. Bf5+ Kc6 33. Ne7+ Kc7 34. fxe5 d5 35. d4 c4 36. Qf2 Qg5 37. Bh3 b5 38. Nf5 Rg8 39. Nxg3 hxg3 40. Qf3 Kc6 41. Bg2 Rd8 42. Rh3 Qd2 43. c3 a5 44. e6 b4 45. e7 Qe1+ 0-1

[Event "Montreal Mercredi 01"]
[Site "Montreal"]
[Date "2015.01.07"]
[Round "1"]
[White "Beaulieu, Pierre"]
[Black "Destree, Frederic"]
[Result "1-0"]
[WhiteElo "1929"]
[BlackElo "1886"]
[PlyCount "97"]
[EventDate "2015.01.07"]
[EventType "swiss"]
[EventRounds "5"]
[EventCountry "CAN"]
[SourceTitle "EXT 2022"]
[Source "ChessBase"]
[SourceDate "2021.10.06"]
[SourceVersion "1"]
[SourceVersionDate "2021.10.06"]
[SourceQuality "1"]

1. b3 Nf6 2. Bb2 g6 3. e4 d6 4. g3 Bg7 5. Bg2 0-0 6. d4 c5 7. Ne2 cxd4 8. Nxd4 Nc6 9. Nxc6 bxc6 10. 0-0 Qc7 11. Nd2 Bg4 12. f3 Be6 13. c4 a5 14. Qc2 Rfb8 15. Bc3 Nd7 16. Bxg7 Kxg7 17. a3 Nc5 18. Qc3+ f6 19. Rab1 Ra7 20. f4 Qb6 21. Kh1 Rab7 22. h3 Qa6 23. Rfc1 Rb6 24. Qf3 Qb7 25. Rc3 Qd7 26. Kh2 Na6 27. g4 Nc5 28. f5 Bf7 29. h4 h6 30. g5 hxg5 31. hxg5 d5 32. gxf6+ exf6 33. cxd5 cxd5 34. exd5 Rd8 35. fxg6 Bxd5 36. Qf2 Bxg2 37. Qxc5 Qxd2 38. Qe7+ Kxg6 39. Rg3+ Kf5 40. Qh7+ Ke6 41. Rxg2 Qf4+ 42. Kh1 Rbb8 43. Re1+ Kd5 44. Qf7+ Kc6 45. Rc2+ Kb5 46. a4+ Kb4 47. Rc4+ Ka3 48. Rxf4 Rh8+ 49. Kg2 1-0

[Event "Montreal Mercredi 11"]
[Site "Montreal"]
[Date "2014.12.03"]
[Round "3"]
[White "Destree, Frederic"]
[Black "Gauthier, Denis"]
[Result "1/2-1/2"]
[WhiteElo "1898"]
[BlackElo "1926"]
[PlyCount "146"]
[EventDate "2014.11.19"]
[EventType "swiss"]
[EventRounds "5"]
[EventCountry "CAN"]
[SourceTitle "EXT 2022"]
[Source "ChessBase"]
[SourceDate "2021.10.06"]
[SourceVersion "1"]
[SourceVersionDate "2021.10.06"]
[SourceQuality "1"]

1. Nf3 Nf6 2. g3 d5 3. Bg2 Bg4 4. 0-0 Nbd7 5. d3 c6 6. Nbd2 e6 7. b3 Be7 8. Bb2 0-0 9. c4 Qc7 10. Rc1 Rfe8 11. Qc2 h6 12. Rfe1 Bf5 13. e4 dxe4 14. dxe4 Bh7 15. Qc3 Nc5 16. Ne5 Rad8 17. Rcd1 Bf8 18. f3 a5 19. Nf1 Rxd1 20. Rxd1 Rd8 21. Rxd8 Qxd8 22. Ne3 Nh5 23. N5g4 f6 24. Nf2 f5 25. exf5 exf5 26. Bh3 Qg5 27. Qe5 f4 28. Nf5 fxg3 29. hxg3 Bxf5 30. Bxf5 Nxg3 31. Bg4 Qxe5 32. Bxe5 Ne2+ 33. Kf1 Nc1 34. Bc7 Nxa2 35. Bxa5 Nxb3 36. Bb6 Nd2+ 37. Ke2 Bb4 38. c5 Nc1+ 39. Kd1 Ncb3 40. Nd3 Ba3 41. Kc2 Kf8 42. Bc8 Bxc5 43. Nxc5 Nxc5 44. Kxd2 Na4 45. Ba7 b6 46. Bd7 Nc5 47. Bxc6 Ne6 48. Bxb6 Ke7 49. Ke3 Kf6 50. f4 g5 51. fxg5+ Kxg5 52. Kf3 h5 53. Bd7 Ng7 54. Bd8+ Kg6 55. Kf4 Kf7 56. Bh4 Kg6 57. Ke5 Kf7 58. Bh3 Kg6 59. Bf1 Kf7 60. Be2 Kg6 61. Bd3+ Kf7 62. Bg5 Ne8 63. Bc2 Kg7 64. Ke6 Nc7+ 65. Kf5 Ne8 66. Bf4 Kf7 67. Kg5 Ke6 68. Kxh5 Nd6 69. Bd3 Kd5 70. Kg5 Ne4+ 71. Kf5 Nd6+ 72. Kg4 Ne4 73. Kf3 Nd6 1/2-1/2

[Event "Montreal Mercredi 10"]
[Site "Montreal"]
[Date "2014.10.15"]
[Round "1"]
[White "Nunez, Omar"]
[Black "Destree, Frederic"]
[Result "1-0"]
[WhiteElo "1975"]
[BlackElo "1903"]
[PlyCount "97"]
[EventDate "2014.10.15"]
[EventType "swiss"]
[EventRounds "5"]
[EventCountry "CAN"]
[SourceTitle "EXT 2022"]
[Source "ChessBase"]
[SourceDate "2021.10.06"]
[SourceVersion "1"]
[SourceVersionDate "2021.10.06"]
[SourceQuality "1"]

1. f4 Nf6 2. Nf3 c5 3. b3 g6 4. Bb2 Bg7 5. g3 Nc6 6. Bg2 0-0 7. 0-0 d5 8. Ne5 Qc7 9. Nxc6 bxc6 10. Be5 Qb6 11. c4 d4 12. e4 dxe3 13. dxe3 Bf5 14. Nc3 Rad8 15. Qf3 Rd3 16. Qxc6 Ng4 17. Nd5 Nxe5 18. fxe5 Qxc6 19. Nxe7+ Kh8 20. Nxc6 Rxe3 21. Rae1 Rxe1 22. Rxe1 Re8 23. Bd5 Kg8 24. Kf2 a6 25. b4 cxb4 26. Nxb4 Rb8 27. Nc6 Rb2+ 28. Re2 Rxe2+ 29. Kxe2 Bd7 30. Nb8 Bc8 31. Nc6 Bd7 32. Ke3 Bxc6 33. Bxc6 Bxe5 34. Ke4 Bc7 35. Kd5 Kf8 36. Bb7 a5 37. Kc6 Bd8 38. Kd7 Bb6 39. Kd6 Ke8 40. c5 Bd8 41. Bc6+ Kf8 42. a4 f5 43. Bd7 Kf7 44. Be6+ Ke8 45. c6 Be7+ 46. Kc7 Bd8+ 47. Kc8 Ke7 48. Bg8 Bb6 49. Kb7 1-0

[Event "Montreal Mercredi 01"]
[Site "Montreal"]
[Date "2014.01.22"]
[Round "3"]
[White "Destree, Frederic"]
[Black "Gauthier, Luc"]
[Result "1-0"]
[WhiteElo "1871"]
[BlackElo "1876"]
[PlyCount "35"]
[EventDate "2014.01.08"]
[EventType "swiss"]
[EventRounds "5"]
[EventCountry "CAN"]
[SourceTitle "EXT 2022"]
[Source "ChessBase"]
[SourceDate "2021.10.06"]
[SourceVersion "1"]
[SourceVersionDate "2021.10.06"]
[SourceQuality "1"]

1. Nf3 d5 2. g3 e6 3. Bg2 c5 4. 0-0 Nc6 5. d3 Nf6 6. Nbd2 Be7 7. e4 0-0 8. Re1 Re8 9. e5 Nd7 10. Nf1 Nf8 11. h4 h6 12. N1h2 Qc7 13. Ng4 Kh7 14. h5 b5 15. Bf4 c4 16. Qd2 Nb4 17. Bxh6 cxd3 18. Bxg7 1-0

[Event "Montreal Mercredi 11"]
[Site "Montreal"]
[Date "2013.12.04"]
[Round "4"]
[White "Destree, Frederic"]
[Black "Gauthier, Luc"]
[Result "0-1"]
[WhiteElo "1864"]
[BlackElo "1871"]
[PlyCount "68"]
[EventDate "2013.11.13"]
[EventType "swiss"]
[EventRounds "5"]
[EventCountry "CAN"]
[SourceTitle "EXT 2022"]
[Source "ChessBase"]
[SourceDate "2021.10.06"]
[SourceVersion "1"]
[SourceVersionDate "2021.10.06"]
[SourceQuality "1"]

1. Nf3 f5 2. g3 Nf6 3. Bg2 e6 4. 0-0 Be7 5. d3 d6 6. Nc3 e5 7. e4 Nc6 8. Be3 0-0 9. exf5 Bxf5 10. d4 e4 11. Nh4 Bg4 12. f3 exf3 13. Bxf3 Bh3 14. Ng2 Qd7 15. Qe2 Rae8 16. Qb5 Nd8 17. Qb3+ Kh8 18. d5 Ng4 19. Bd4 Ne5 20. Be2 Bf6 21. Ne4 Nf3+ 22. Bxf3 Bxd4+ 23. Kh1 Nf7 24. Rad1 Bb6 25. Nf2 Ne5 26. Nxh3 Qxh3 27. Nf4 Qd7 28. Ne6 Rf6 29. Kg2 c6 30. c4 cxd5 31. cxd5 Rc8 32. Be2 Rh6 33. Qc2 Ng4 34. Rc1 Ne3+ 0-1

[Event "Montreal Mercredi 11"]
[Site "Montreal"]
[Date "2013.11.27"]
[Round "3"]
[White "Rondon, Luciano"]
[Black "Destree, Frederic"]
[Result "1/2-1/2"]
[WhiteElo "1895"]
[BlackElo "1864"]
[PlyCount "68"]
[EventDate "2013.11.13"]
[EventType "swiss"]
[EventRounds "5"]
[EventCountry "CAN"]
[SourceTitle "EXT 2022"]
[Source "ChessBase"]
[SourceDate "2021.10.06"]
[SourceVersion "1"]
[SourceVersionDate "2021.10.06"]
[SourceQuality "1"]

1. d4 Nf6 2. c4 g6 3. Nc3 Bg7 4. e4 d6 5. Be2 0-0 6. f4 c5 7. d5 e6 8. Nf3 exd5 9. exd5 Re8 10. 0-0 Bf5 11. Bd3 Ne4 12. Nxe4 Bxe4 13. Bxe4 Rxe4 14. Qd3 Qe8 15. f5 Nd7 16. fxg6 hxg6 17. Bd2 Nf6 18. Rae1 Rxe1 19. Rxe1 Qd7 20. Bc3 Re8 21. Re2 Nh5 22. Bxg7 Nxg7 23. Ng5 Rxe2 24. Qxe2 Qf5 25. Nf3 Qb1+ 26. Kf2 Qxa2 27. Ng5 Qb1 28. g4 Qc1 29. h4 Qf4+ 30. Kg2 f6 31. Ne6 Nxe6 32. Qxe6+ Kg7 33. Qe7+ Kh6 34. Qf8+ Kh7 1/2-1/2

[Event "Laval op 18th"]
[Site "Laval"]
[Date "2001.04.21"]
[Round "2"]
[White "Destree, Frederic"]
[Black "Lacroix, Serge"]
[Result "0-1"]
[WhiteElo "1872"]
[BlackElo "1944"]
[PlyCount "72"]
[EventDate "2001.04.20"]
[EventType "swiss"]
[EventRounds "5"]
[EventCountry "CAN"]
[SourceTitle "EXT 2022"]
[Source "ChessBase"]
[SourceDate "2021.10.06"]
[SourceVersion "1"]
[SourceVersionDate "2021.10.06"]
[SourceQuality "1"]

1. e4 e5 2. Nf3 Nc6 3. Bb5 a6 4. Ba4 Nf6 5. 0-0 Be7 6. Re1 b5 7. Bb3 d6 8. h3 Na5 9. c3 Nxb3 10. axb3 c5 11. d3 0-0 12. Nbd2 Qc7 13. Nf1 Re8 14. Qc2 g6 15. Ng3 Bf8 16. Bg5 Bg7 17. Bxf6 Bxf6 18. Nf1 Bg7 19. Ne3 Bb7 20. Nd2 Bh6 21. Ng4 Bg7 22. Ne3 h5 23. Rad1 Bh6 24. Ndf1 Rf8 25. Ng3 a5 26. Ra1 Ra7 27. Qe2 f6 28. Nef1 Bc6 29. h4 Qf7 30. Nd2 f5 31. c4 b4 32. exf5 gxf5 33. Qxh5 a4 34. bxa4 Rxa4 35. Rxa4 Bxa4 36. Ra1 Bc6 0-1